[Event "Backa Topola-ch"]
[Site "Backa Topola"]
[Date "2012.11.28"]
[Round "5"]
[White "Vucelic, Rade"]
[Black "Toth, Matyas"]
[Result "1-0"]
[WhiteElo "1983"]
[BlackElo "2088"]
[PlyCount "129"]
[EventDate "2012.11.19"]
[EventType "swiss"]
[EventRounds "9"]
[EventCountry "SRB"]
[SourceTitle "EXT 2014"]
[Source "ChessBase"]
[SourceDate "2013.11.20"]
[SourceVersion "1"]
[SourceVersionDate "2013.11.20"]
[SourceQuality "1"]

1. e4 c5 2. f4 Nc6 3. Nf3 e6 4. d3 d5 5. e5 Be7 6. Be3 Nh6 7. c3 Rb8 8. Qe2 b5 9. h3 Nf5 10. Bf2 h5 11. Rg1 h4 12. Nbd2 Ng3 13. Qd1 a5 14. Nb3 Qb6 15. Nfd2 a4 16. Nc1 Qa5 17. a3 Bd7 18. Be2 Ra8 19. Qc2 0-0 20. Bf3 Nf5 21. Ne2 b4 22. g4 hxg3 23. Nxg3 Nxg3 24. Rxg3 bxc3 25. bxc3 Rac8 26. Ke2 Rfd8 27. Rag1 Bf8 28. h4 Ne7 29. h5 Nf5 30. Rg5 Nh6 31. c4 Bc6 32. Be1 Qa8 33. cxd5 exd5 34. f5 Kh8 35. f6 gxf6 36. exf6 d4 37. Bxc6 Qxc6 38. Ne4 Re8 39. Kd1 Qb5 40. Bb4 cxb4 41. Rxb5 Rxc2 42. Kxc2 Rc8+ 43. Kb1 b3 44. Rc1 Re8 45. Kb2 Ng4 46. Rd5 Ne5 47. Rxd4 Bh6 48. Rc3 Rg8 49. Rc5 Be3 50. Rcc4 Bxd4+ 51. Rxd4 Rc8 52. Nc3 Ra8 53. Nxa4 Nxd3+ 54. Rxd3 Rxa4 55. Kxb3 Ra6 56. Rf3 Ra5 57. Kb4 Rxh5 58. a4 Rh1 59. a5 Ra1 60. Ra3 Rb1+ 61. Kc4 Kh7 62. a6 Kg6 63. a7 Rc1+ 64. Kd5 Rd1+ 65. Kc6 1-0

[Event "Backa Topola-ch"]
[Site "Backa Topola"]
[Date "2012.11.19"]
[Round "1"]
[White "Kosa, Jeno"]
[Black "Toth, Matyas"]
[Result "1/2-1/2"]
[WhiteElo "2112"]
[BlackElo "2088"]
[PlyCount "24"]
[EventDate "2012.11.19"]
[EventType "swiss"]
[EventRounds "9"]
[EventCountry "SRB"]
[SourceTitle "EXT 2014"]
[Source "ChessBase"]
[SourceDate "2013.11.20"]
[SourceVersion "1"]
[SourceVersionDate "2013.11.20"]
[SourceQuality "1"]

1. e4 e5 2. Nf3 Nc6 3. Bb5 a6 4. Ba4 Nf6 5. 0-0 Be7 6. Re1 b5 7. Bb3 d6 8. h3 0-0 9. c3 Na5 10. Bc2 c5 11. d4 Qc7 12. Nbd2 Bb7 1/2-1/2

[Event "Lakitelek Magyarok op"]
[Site "Lakitelek"]
[Date "2011.08.13"]
[Round "8"]
[White "Marosi, Levente"]
[Black "Toth, Matyas"]
[Result "0-1"]
[WhiteElo "1957"]
[BlackElo "2145"]
[PlyCount "50"]
[EventDate "2011.08.06"]
[EventType "swiss"]
[EventRounds "9"]
[EventCountry "HUN"]
[SourceTitle "CBM 144 Extra"]
[Source "ChessBase"]
[SourceDate "2011.10.28"]
[SourceVersion "1"]
[SourceVersionDate "2011.10.28"]
[SourceQuality "1"]

1. e4 c5 2. Nf3 Nc6 3. d4 cxd4 4. Nxd4 Nf6 5. Nc3 e6 6. Ndb5 Bb4 7. a3 Bxc3+ 8. Nxc3 d5 9. exd5 exd5 10. Bd3 0-0 11. 0-0 h6 12. Bf4 d4 13. Nb5 Nd5 14. Bg3 f5 15. Bc4 f4 16. Qh5 Rf5 17. Bh4 Rxh5 18. Bxd8 Be6 19. Bxd5 Bxd5 20. Bc7 Bc4 21. Nd6 Bxf1 22. Rxf1 Rf8 23. Re1 Rc5 24. Nxb7 Rxc2 25. b4 Rf7 0-1

[Event "Lakitelek Magyarok op"]
[Site "Lakitelek"]
[Date "2011.08.08"]
[Round "3"]
[White "Toth, Matyas"]
[Black "Takacs, Laszlo"]
[Result "1-0"]
[WhiteElo "2145"]
[BlackElo "1961"]
[PlyCount "105"]
[EventDate "2011.08.06"]
[EventType "swiss"]
[EventRounds "9"]
[EventCountry "HUN"]
[SourceTitle "CBM 144 Extra"]
[Source "ChessBase"]
[SourceDate "2011.10.28"]
[SourceVersion "1"]
[SourceVersionDate "2011.10.28"]
[SourceQuality "1"]

1. e4 c5 2. Nf3 e6 3. d4 cxd4 4. Nxd4 Nf6 5. Nc3 Nc6 6. Ndb5 Bb4 7. a3 Bxc3+ 8. Nxc3 d5 9. exd5 exd5 10. Bd3 0-0 11. 0-0 d4 12. Ne2 h6 13. h3 Re8 14. b4 a6 15. Bb2 Nd5 16. Nxd4 Nxd4 17. Bxd4 Qg5 18. Qf3 b5 19. h4 Qd8 20. Rad1 Bb7 21. c4 Ne3 22. Qxb7 Nxf1 23. Bxf1 Qxh4 24. cxb5 axb5 25. Bc5 Rab8 26. Qf3 Re6 27. Bd6 Rbe8 28. g3 Qg5 29. Bf4 Qf5 30. Kg2 Rf6 31. Rd5 Qe6 32. Rd6 Qxd6 33. Bxd6 Rxf3 34. Kxf3 Rd8 35. Bc5 Rb8 36. Ke4 g5 37. Kd5 h5 38. Kc6 Ra8 39. Be7 g4 40. Bxb5 Rxa3 41. Bc4 Rc3 42. Kd5 Rc2 43. Bc5 f5 44. b5 f4 45. b6 fxg3 46. fxg3 h4 47. gxh4 g3 48. Kd4+ Kg7 49. Kd3 Rc1 50. b7 Rb1 51. Bd5 Kf6 52. Bd6 Rd1+ 53. Ke3 1-0

[Event "Lakitelek Magyarok op"]
[Site "Lakitelek"]
[Date "2011.08.06"]
[Round "1"]
[White "Toth, Matyas"]
[Black "Karpati, Gabor"]
[Result "1-0"]
[WhiteElo "2145"]
[BlackElo "1811"]
[PlyCount "111"]
[EventDate "2011.08.06"]
[EventType "swiss"]
[EventRounds "9"]
[EventCountry "HUN"]
[SourceTitle "CBM 144 Extra"]
[Source "ChessBase"]
[SourceDate "2011.10.28"]
[SourceVersion "1"]
[SourceVersionDate "2011.10.28"]
[SourceQuality "1"]

1. e4 e6 2. d4 d5 3. e5 c5 4. c3 Nc6 5. Nf3 Qb6 6. a3 a5 7. Bd3 Bd7 8. Bc2 cxd4 9. cxd4 Nge7 10. Nc3 Ng6 11. 0-0 Be7 12. Rb1 0-0 13. Be3 Na7 14. Qd3 Bb5 15. Nxb5 Qxb5 16. Qxb5 Nxb5 17. Bd3 Na7 18. Rbc1 Rfc8 19. Nd2 Rxc1 20. Rxc1 Rc8 21. Rxc8+ Nxc8 22. Kf1 Bd8 23. Ke2 Nb6 24. Kd1 Nf8 25. Kc2 f6 26. f4 Kf7 27. Bb5 Na8 28. Nb1 Nc7 29. Bd3 f5 30. Nc3 Nd7 31. Nb5 Nxb5 32. Bxb5 Nb6 33. Kb3 Na8 34. Bd2 b6 35. Ka4 Nc7 36. b4 Nxb5 37. Kxb5 axb4 38. Bxb4 h6 39. Kc6 Ke8 40. a4 g5 41. g3 gxf4 42. gxf4 Kf7 43. Kd7 Bh4 44. Kc6 Bd8 45. Bd6 Bg5 46. fxg5 hxg5 47. Kxb6 f4 48. Bb4 g4 49. Be1 Kg6 50. a5 Kf5 51. a6 Ke4 52. Kc5 Kf3 53. a7 Kg2 54. a8Q Kxh2 55. Qf8 f3 56. Qf4+ 1-0

[Event "Backa Topola-ch"]
[Site "Backa Topola"]
[Date "2010.11.29"]
[Round "6"]
[White "Toth, Matyas"]
[Black "Cabarkapa, Novak"]
[Result "1/2-1/2"]
[WhiteElo "2152"]
[BlackElo "2149"]
[PlyCount "49"]
[EventDate "2010.11.17"]
[EventType "swiss"]
[EventRounds "9"]
[EventCountry "SRB"]
[SourceTitle "EXT 2019"]
[Source "ChessBase"]
[SourceDate "2018.10.10"]
[SourceVersion "1"]
[SourceVersionDate "2018.10.10"]
[SourceQuality "1"]

1. e4 c5 2. Nc3 Nc6 3. f4 e6 4. Nf3 d5 5. Bb5 Nge7 6. d4 cxd4 7. Nxd4 a6 8. exd5 axb5 9. dxc6 bxc6 10. Be3 Bb7 11. 0-0 Nd5 12. Nxd5 Qxd5 13. Nb3 c5 14. Qxd5 Bxd5 15. Nxc5 Bxc5 16. Bxc5 Rc8 17. b4 Ra8 18. a3 Kd7 19. Rfe1 Kc6 20. Re3 Rhd8 21. Rc3 Kb7 22. Kf2 Bc6 23. Ke3 Rd7 24. Rd3 Rxd3+ 25. cxd3 1/2-1/2

[Event "Backa Topola-ch"]
[Site "Backa Topola"]
[Date "2010.11.19"]
[Round "2"]
[White "Toth, Matyas"]
[Black "Komaromi, Sandor"]
[Result "1/2-1/2"]
[WhiteElo "2152"]
[BlackElo "2015"]
[PlyCount "55"]
[EventDate "2010.11.17"]
[EventType "swiss"]
[EventRounds "9"]
[EventCountry "SRB"]
[SourceTitle "EXT 2019"]
[Source "ChessBase"]
[SourceDate "2018.10.10"]
[SourceVersion "1"]
[SourceVersionDate "2018.10.10"]
[SourceQuality "1"]

1. e4 e5 2. Nf3 Nc6 3. Bb5 f5 4. Nc3 Nf6 5. Qe2 Nd4 6. Nxd4 exd4 7. Nd5 fxe4 8. Nxf6+ Qxf6 9. Qxe4+ Qe7 10. d3 c6 11. Ba4 b5 12. Bb3 d5 13. Qxe7+ Bxe7 14. 0-0 0-0 15. a4 b4 16. Re1 Bd6 17. Bg5 Bf5 18. Be7 Bxe7 19. Rxe7 Rf7 20. Re5 a5 21. Rae1 Kf8 22. f3 g6 23. Kf2 Bd7 24. h4 Re8 25. h5 Rxe5 26. Rxe5 Re7 27. Rxe7 Kxe7 28. hxg6 1/2-1/2